000 00357nam a2200133Ia 4500
005 20260326100046.0
008 260326s9999||||xx |||||||||||||| ||und||
100 _aWaisman, Marina
245 0 _aLa Estructura Histórica del entorno /
_cMarina Waisman
260 _bEdiciones Nueva Visión
300 _a260 p.
650 _aARQUITECTURA-GENERAL
942 _cBK
999 _c7190
_d7190